El Parlamento de Cataluña / Manuel Gerpe ... [et al.] ; prólogo de Isidre Molas
Descripción Física:
247 p. ; 18 cm
Colección:
Ariel quincenal ; 163
Materias:
Catalunya. -- Parlament
MARC
| LEADER | 00000nam a2200000Ia 4500 | ||
|---|---|---|---|
| 001 | 1681 | ||
| 008 | 160829s1981 xx 000 0 cat d | ||
| 080 | |a M-2-340 | ||
| 245 | |a El Parlamento de Cataluña / Manuel Gerpe ... [et al.] ; prólogo de Isidre Molas | ||
| 260 | |a Barcelona : |b Ariel, |c 1981 | ||
| 300 | |a 247 p. ; |c 18 cm | ||
| 490 | |a Ariel quincenal ; 163 | ||
| 610 | 1 | 0 | |a Catalunya. |b Parlament |9 11492 |
| 700 | |a Gerpe Landín, Manuel |9 27840 | ||
| 700 | |a Molas, Isidre, |d 1940- |e escriptor del pròleg |9 25138 | ||
| 901 | |a Arxiu | ||
| 942 | |n 1 |2 udc | ||
| 952 | |0 0 |1 0 |4 0 |6 M2340 |7 1 |9 44567 |a Arxiu |b Arxiu |d 2016-12-01 |l 0 |o M-2-340 |p 1681 |r 2016-12-01 00:00:00 |w 2016-12-01 |y ARXIU | ||
| 999 | |c 47148 |d 47148 | ||